000 00340 a2200109 4500
001 ART_14637
005 20260410161913.0
008 260409a
245 1 0 _aHow to reduce the incomes of the two labour élites?
100 1 _aTinbergen, Jan
773 0 _tEuropean economic review
_g- Vol. 10, Nº 2 (nov. 1977)
_wREV13346
999 _c26966
_d26966